| 000 | 00486nam a2200169Ia 4500 | ||
|---|---|---|---|
| 008 | 130318s9999 xx 000 0 und d | ||
| 020 | _a9788126519897 | ||
| 082 | _a658.0285 KAM/S | ||
| 100 | _aKambhampaty, Shankar | ||
| 245 | _aService oriented architecture for enterprise and cloud applications | ||
| 250 | _a2 | ||
| 260 |
_bWiley _aNew Delhi _c2010 |
||
| 300 | _a328 | ||
| 650 | _aSERVICE ORIENTED ARCHITECTURE | ||
| 650 | _aSOFTWARE ARCHITECTURE | ||
| 650 | _aSOFTWARE ENGINEERING | ||
| 999 |
_c2178 _d2178 |
||